Eurostat review on national accounts and macroeconomic indicators

Gespeichert in:
Bibliographische Detailangaben
Körperschaft: Eurostat
Format: Buch
Sprache:Englisch
Veröffentlicht: Luxembourg Publications Office of the European Union 2014
Schriftenreihe:Statistical books
Schlagworte:
Tags: Tag hinzufügen
Keine Tags, Fügen Sie das erste Tag hinzu!

MARC

LEADER 00000nam a2200000 4500
001 0191266
005 20240318114335.3
020 |a 978-92-79-29236-1 
041 0 |a eng 
044 |a LU 
245 1 0 |a Eurostat review on national accounts and macroeconomic indicators 
264 1 |a Luxembourg  |b Publications Office of the European Union  |c 2014 
300 |a 89 s. 
490 1 |a Statistical books 
830 0 |a Statistical books 
610 2 0 |a účty národné 
610 2 0 |a údaje štatistické medzinárodné 
610 2 0 |a ukazovatele makroekonomické 
710 2 |a Eurostat